Kansas City Chiefs 53-man roster 2021 - Statistics

General Stats
  • This quiz has been taken 115 times
  • The average score is 28 of 53
Answer Stats
Hint Answer % Correct
QB Patrick Mahomes
98%
WR Tyreek Hill
94%
TE Travis Kelce
93%
WR Mecole Hardman
91%
RB Clyde Edwards-Helaire
89%
QB Chad Henne
87%
DT Chris Jones
85%
K Harrison Butker
82%
RB Darrel Williams
80%
WR Byron Pringle
78%
S Tyrann Mathieu
76%
WR Demarcus Robinson
70%
DE Frank Clark
70%
CB L'Jarius Sneed
70%
OL Orlando Brown
70%
P Tommy Townsend
68%
OL Trey Smith
67%
OL Creed Humphrey
66%
RB Jerick McKinnon
66%
LB Willie Gay
64%
OL Joe Thuney
62%
TE Noah Gray
62%
LB Nick Bolton
61%
CB Charvarius Ward
60%
S Juan Thornhill
57%
FB Michael Burton
56%
S Daniel Sorensen
53%
DT Derrick Nnadi
47%
TE Jody Fortson
47%
LB Anthony Hitchens
46%
WR Josh Gordon
45%
CB Rashad Fenton
44%
OL Andrew Wylie
43%
LS James Winchester
41%
OL Lucas Niang
41%
S Armani Watts
37%
DT Jarran Reed
36%
CB DeAndre Baker
34%
WR Marcus Kemp
33%
DT Khalen Saunders
32%
OL Nick Allegretti
32%
OL Mike Remmers
31%
DT Tershawn Wharton
31%
LB Ben Niemann
29%
OL Austin Blythe
28%
OL Laurent Duvernay-Tardif
28%
CB Mike Hughes
26%
CB Chris Lammons
22%
WR Daurice Fountain
22%
DE Alex Okafor
21%
DE Demone Harris
20%
LB Dorian O'Daniel
20%
CB Dicaprio Bootle
15%
No matching quizzes found
Score Distribution
Percent of People with Each Score
Percentile by Number Answered
Your Score History
You have not taken this quiz